| 000 | 00660nab a2200241 a 4500 | ||
|---|---|---|---|
| 001 | 57167 | ||
| 003 | 128364 | ||
| 005 | 20201118103304.0 | ||
| 008 | ||||||n9999 ||| || || | ||
| 041 | _aspa | ||
| 100 | _aCornella Solans, Alfons | ||
| 245 | 0 | _aLa cultura de la informacion como institucion previa a la sociedad de la informacion | |
| 260 |
_aBogotá : _bLegis, _c1998. |
||
| 300 | _app.42-55 | ||
| 562 | _e0 | ||
| 650 | _aANALISIS DE TENDENCIA | ||
| 650 | _aDESARROLLO TECNOLÓGICO | ||
| 650 | _aECONOMIA MUNDIAL | ||
| 650 | _aROLES | ||
| 650 | _aSERVICIOS DE INFORMACION | ||
| 773 |
_056175 _aRevista EAN - No.33-34 |
||
| 942 | _cSART | ||
| 999 |
_c57167 _d57167 |
||